| 000 | 00681nam a2200205Ia 4500 | ||
|---|---|---|---|
| 003 | GCL | ||
| 008 | 140319s9999 xx 000 0 ara d | ||
| 020 | _a9128509977 | ||
| 040 |
_aGCL / _cGCL |
||
| 082 | 0 | 4 |
_a920.71 _bع ر |
| 100 | 1 | _aعبدالوهاب المسيرى | |
| 245 | 1 | 0 |
_aرحلتى الفكرية : _bفى البذور والجذور والثمار / _cعبدالوهاب المسيرى |
| 250 | _aالاولى | ||
| 260 |
_aالقاهرة : _bدار الشروق ، _c2005 |
||
| 300 |
_a726 ص ؛ _c24 سم |
||
| 650 | 0 | 4 | _aالتراجم الذاتية |
| 650 | 0 | 4 | _aالرجال - تراجم |
| 650 | 0 | 4 | _aعبدالوهاب المسيرى |
| 942 |
_2ddc _cBK |
||
| 999 |
_c8189 _d8189 |
||